Countries With G - Statistics

General Stats
  • This quiz has been taken 38 times
  • The average score is 31 of 40
Answer Stats
Country % Correct
Germany
94%
Angola
91%
Greece
91%
Portugal
91%
Argentina
89%
Mongolia
89%
Ghana
86%
Guatemala
86%
Guinea
86%
Hungary
86%
Algeria
83%
Bulgaria
83%
Guyana
83%
Madagascar
83%
Paraguay
83%
United Kingdom
83%
Uruguay
83%
Afghanistan
80%
Belgium
80%
Grenada
80%
Guinea-Bissau
80%
Bosnia and Herzegovina
77%
Democratic Republic of the Congo
77%
Gambia
77%
Bangladesh
74%
Equatorial Guinea
74%
Gabon
74%
Georgia
74%
Luxembourg
74%
Niger
71%
Nigeria
71%
Papua New Guinea
71%
Egypt
69%
Senegal
69%
Kyrgyzstan
66%
Montenegro
66%
Nicaragua
66%
Singapore
66%
Saint Vincent and the Grenadines
49%
Uganda
49%
No matching quizzes found
Score Distribution
Percent of People with Each Score
Percentile by Number Answered
Your Score History
You have not taken this quiz